00462nam a22001337a 4500003000400000008004100004082001700045100002600062245015200088260003200240300001000272502001500282650003100297OSt260428b |||||||| |||| 00| 0 eng d a634.44bS41E aShrestha, Arjun Kumar aEffect of Nutrients and Growth Substances on Fruit Retention, Physico-Chemical Composition and Shelf-Life of Mango (Mangifera Indica L.) CV. Langra aPusa, SamastipurbRAUc1998 a112P. bMsc.d1998 aFruit and Fruit Technology